• 首页
  • 本馆介绍
  • 公告通知
  • 最新文献
  • 馆藏检索
  • 电子资源
  • 读者导购
  • 参考咨询
  • 我的图书馆
  • 登录
  • 详细信息显示
  • 放入我的书架
  • 预约/预借图书
  • 作者相关作品
  • 分类相关作品
  • 丛书相关作品
  • 出版社相关作品

书目信息

  • 表格格式
  • 工作单格式
  • 卡片格式
题名:
写作辞林
    
 
作者: 袁明光 编写
分册:  
出版信息: 北京   北京出版社  1982
页数: 264页
开本: 19cm
丛书名:
单 册:
中图分类: H5-61 , H5
科图分类:
主题词: 汉语-写作-词汇 , 写作-汉语-词汇 , 词汇-写作-汉语
电子资源:
ISBN:
000 00633nam0 2200253 45
001 1530359972
005 20150128075644.25
010    @dCNY0.77
091    @aCN@b9017.87
100    @a19950518d1982 em y0chiy0121 ea
101 0  @achi
102    @aCN@b110000
105    @ay z 000yy
200 10 @a写作辞林@Axie zuo ci lin@f袁明光编写
210    @a北京@c北京出版社@d1982
215    @a264页@d19cm
606    @a汉语-写作-词汇
606    @a写作-汉语-词汇
606    @a词汇-写作-汉语
690    @aH5-61@v3
690    @aH5@v4
701  0 @a袁明光@Ayuan ming guang@4编写
801  0 @aCN@bTSSF@c20150128
905    @aZUCC@dH5@eJY32
    
    写作辞林/袁明光编写.-北京:北京出版社,1982
    264页;19cm
    
    
    ISBN :CNY0.77
    
●
相关链接 在E读中查询图书 在五车中查询图书 在当当中查询图书 在豆瓣中查询图书


正题名:写作辞林     索取号:H5/JY32         预约/预借

序号 登录号 条形码 馆藏地/架位号 状态 备注
1 7844236   278442366   学院路分馆/ [索取号:H5/JY32] 在馆    
2 7849353   278493532   学院路分馆/ [索取号:H5/JY32] 在馆    
3 7849354   278493541   学院路分馆/ [索取号:H5/JY32] 在馆    
4 7849355   278493550   学院路分馆/ [索取号:H5/JY32] 在馆    
唐山师范学院图书馆 欢迎您!
大连网信软件有限公司© 版权所有